Mortgage lending rises (Record no. 71665)

MARC details
000 -LEADER
fixed length control field 00679cam a2200181 4500
001 - CONTROL NUMBER
control field WB3844-11
008 - FIXED-LENGTH DATA ELEMENTS--GENERAL INFORMATION
fixed length control field 021128n2002 000 0 eng u
035 ## - SYSTEM CONTROL NUMBER
System control number (Sirsi) u120610
245 ## - TITLE STATEMENT
Title Mortgage lending rises
260 ## - PUBLICATION, DISTRIBUTION, ETC.
Date of publication, distribution, etc. 2002
490 ## - SERIES STATEMENT
Series statement British Bankers Association Press Release
Volume/sequential designation 27 November 2002, (2)
520 ## - SUMMARY, ETC.
Summary, etc. New figures issued by British Bankers Association reveal mortgage lending rose by record amount during October, as increasing numbers of consumers released equity in their homes. www.bba.org.uk/public/newsroom/pressreleases/62114?view=Print
590 ## - LOCAL NOTE (RLIN)
Local note WB
650 ## - SUBJECT ADDED ENTRY--TOPICAL TERM
Topical term or geographic name entry element MORTGAGES
650 ## - SUBJECT ADDED ENTRY--TOPICAL TERM
Topical term or geographic name entry element EQUITY RELEASE
690 ## - LOCAL SUBJECT ADDED ENTRY--TOPICAL TERM (OCLC, RLIN)
Topical term or geographic name as entry element HOUSING
942 ## - ADDED ENTRY ELEMENTS (KOHA)
Suppress in OPAC 0
Holdings
Withdrawn status Lost status Source of classification or shelving scheme Damaged status Not for loan Home library Current library Shelving location Date acquired Total Checkouts Full call number Barcode Date last seen Copy number Price effective from Koha item type
    Dewey Decimal Classification     London London News article 28/11/2002   WB3844-11 120610-1001 06/08/2019 1 06/08/2019 News article